Hurvínek a zrcadlo pohádkový příběh pro nejmenší /

Other Authors: Fuchs, Jan, 1930-2007, Hájek, René, 1950-, Maška, Richard, 1957-, Polák, Miroslav, 1944-2013, Štáchová, Helena, 1944-2017, Klásek, Martin, 1957-
Language: Czech
Published: Praha : Lotos, p1998
Physical Description: 1 MC : stereo, Dolby systém + 1 složený list.
Audio
Saved in:
LEADER 01201njm a2200301 a 4500
001 000411326
003 CZ BrMZK
005 19990305143423.0
008 990305s1998 xr f cze d
028 0 3 |a LT 0070-4 831  |b Lotos 
040 |a BOA001  |b cze 
080 |a 885.0-93-31(086.7)  |2 MRF 
245 0 0 |a Hurvínek a zrcadlo  |h [zvukový záznam] :  |b pohádkový příběh pro nejmenší /  |c [scénář Martin Klásek]. 
260 |a Praha :  |b Lotos,  |c p1998 
300 |a 1 MC :  |b stereo, Dolby systém +  |e 1 složený list. 
306 |a 011829 
500 |a Nahr. 1998 
500 |a Durata 78:29 
511 0 |a Účinkují: Martin Klásek, Helena Štáchová, Miroslav Polák ... [et al.]. 
700 1 |a Fuchs, Jan,  |d 1930-2007  |7 jk01032133  |4 prf 
700 1 |a Hájek, René,  |d 1950-  |7 xx0070485  |4 prf 
700 1 |a Maška, Richard,  |d 1957-  |7 jx20050318008  |4 prf 
700 1 |a Polák, Miroslav,  |d 1944-2013  |7 mzk2003187763  |4 prf 
700 1 |a Štáchová, Helena,  |d 1944-2017  |7 jn19990209886  |4 prf 
700 1 |a Klásek, Martin,  |d 1957-  |7 jo20010084536  |4 sce  |4 prf 
910 |a BOA001  |b KZ-0001.909 
990 |a AV 
996 6 |b 261H008086  |c KZ-0001.909  |l MZK  |r Sklad / do 24 hodin  |n 0  |p p.v.  |w 000411326  |u 000010  |a 1  |e BOA001  |j MZK50  |s P